<?xml version="1.0" encoding="UTF-8"?>
<record
    xmlns:xsi="http://www.w3.org/2001/XMLSchema-instance"
    xsi:schemaLocation="http://www.loc.gov/MARC21/slim http://www.loc.gov/standards/marcxml/schema/MARC21slim.xsd"
    xmlns="http://www.loc.gov/MARC21/slim">

  <leader>00409nam a22001577a 4500</leader>
  <controlfield tag="003">OSt</controlfield>
  <controlfield tag="005">20260325151402.0</controlfield>
  <controlfield tag="008">260325b        |||||||| |||| 00| 0 eng d</controlfield>
  <datafield tag="020" ind1=" " ind2=" ">
    <subfield code="a">9780195683592</subfield>
  </datafield>
  <datafield tag="040" ind1=" " ind2=" ">
    <subfield code="c">IIMT UNIVERSITY, MEERUT</subfield>
  </datafield>
  <datafield tag="100" ind1=" " ind2=" ">
    <subfield code="a">Tanuja Agarwala</subfield>
  </datafield>
  <datafield tag="245" ind1=" " ind2=" ">
    <subfield code="a">Strategic Human Resource Management</subfield>
  </datafield>
  <datafield tag="260" ind1=" " ind2=" ">
    <subfield code="a">NEW DELHI</subfield>
    <subfield code="b"> Oxford University Press</subfield>
    <subfield code="c">2010</subfield>
  </datafield>
  <datafield tag="300" ind1=" " ind2=" ">
    <subfield code="a">801</subfield>
  </datafield>
  <datafield tag="942" ind1=" " ind2=" ">
    <subfield code="2">ddc</subfield>
    <subfield code="c">02</subfield>
  </datafield>
  <datafield tag="999" ind1=" " ind2=" ">
    <subfield code="c">67655</subfield>
    <subfield code="d">67655</subfield>
  </datafield>
  <datafield tag="952" ind1=" " ind2=" ">
    <subfield code="0">0</subfield>
    <subfield code="1">0</subfield>
    <subfield code="2">ddc</subfield>
    <subfield code="4">0</subfield>
    <subfield code="7">0</subfield>
    <subfield code="a">01</subfield>
    <subfield code="b">01</subfield>
    <subfield code="d">2026-03-25</subfield>
    <subfield code="e">R.LALL BOOK DEPOT</subfield>
    <subfield code="i">GD/IN/424, 24/03/2026</subfield>
    <subfield code="l">0</subfield>
    <subfield code="p">01-B-147889</subfield>
    <subfield code="r">2026-03-25</subfield>
    <subfield code="w">2026-03-25</subfield>
    <subfield code="y">02</subfield>
  </datafield>
  <datafield tag="952" ind1=" " ind2=" ">
    <subfield code="0">0</subfield>
    <subfield code="1">0</subfield>
    <subfield code="2">ddc</subfield>
    <subfield code="4">0</subfield>
    <subfield code="7">0</subfield>
    <subfield code="a">01</subfield>
    <subfield code="b">01</subfield>
    <subfield code="d">2026-03-25</subfield>
    <subfield code="e">R.LALL BOOK DEPOT</subfield>
    <subfield code="i">GD/IN/424, 24/03/2026</subfield>
    <subfield code="l">0</subfield>
    <subfield code="p">01-B-147890</subfield>
    <subfield code="r">2026-03-25</subfield>
    <subfield code="w">2026-03-25</subfield>
    <subfield code="y">02</subfield>
  </datafield>
  <datafield tag="952" ind1=" " ind2=" ">
    <subfield code="0">0</subfield>
    <subfield code="1">0</subfield>
    <subfield code="2">ddc</subfield>
    <subfield code="4">0</subfield>
    <subfield code="7">0</subfield>
    <subfield code="a">01</subfield>
    <subfield code="b">01</subfield>
    <subfield code="d">2026-03-25</subfield>
    <subfield code="e">R.LALL BOOK DEPOT</subfield>
    <subfield code="i">GD/IN/424, 24/03/2026</subfield>
    <subfield code="l">0</subfield>
    <subfield code="p">01-B-147891</subfield>
    <subfield code="r">2026-03-25</subfield>
    <subfield code="w">2026-03-25</subfield>
    <subfield code="y">02</subfield>
  </datafield>
  <datafield tag="952" ind1=" " ind2=" ">
    <subfield code="0">0</subfield>
    <subfield code="1">0</subfield>
    <subfield code="2">ddc</subfield>
    <subfield code="4">0</subfield>
    <subfield code="7">0</subfield>
    <subfield code="a">01</subfield>
    <subfield code="b">01</subfield>
    <subfield code="d">2026-03-25</subfield>
    <subfield code="e">R.LALL BOOK DEPOT</subfield>
    <subfield code="i">GD/IN/424, 24/03/2026</subfield>
    <subfield code="l">0</subfield>
    <subfield code="p">01-B-147892</subfield>
    <subfield code="r">2026-03-25</subfield>
    <subfield code="w">2026-03-25</subfield>
    <subfield code="y">02</subfield>
  </datafield>
  <datafield tag="952" ind1=" " ind2=" ">
    <subfield code="0">0</subfield>
    <subfield code="1">0</subfield>
    <subfield code="2">ddc</subfield>
    <subfield code="4">0</subfield>
    <subfield code="7">0</subfield>
    <subfield code="a">01</subfield>
    <subfield code="b">01</subfield>
    <subfield code="d">2026-03-25</subfield>
    <subfield code="e">R.LALL BOOK DEPOT</subfield>
    <subfield code="i">GD/IN/424, 24/03/2026</subfield>
    <subfield code="l">0</subfield>
    <subfield code="p">01-B-147893</subfield>
    <subfield code="r">2026-03-25</subfield>
    <subfield code="w">2026-03-25</subfield>
    <subfield code="y">02</subfield>
  </datafield>
</record>
